Stochastic local search : foundations and applications
Αποθηκεύτηκε σε:
| Κύριος συγγραφέας: | |
|---|---|
| Άλλοι συγγραφείς: | |
| Μορφή: | Βιβλίο |
| Γλώσσα: | English |
| Δημοσίευση: |
San Francisco, CA :
Morgan Kaufmann Publishers,
c2005
|
| Θέματα: | |
| Ετικέτες: |
Προσθήκη ετικέτας
Δεν υπάρχουν, Καταχωρήστε ετικέτα πρώτοι!
|
MARC
| LEADER | 00000nam a2200000 i 4500 | ||
|---|---|---|---|
| 001 | 1/70259 | ||
| 008 | 080114s2005 eng d | ||
| 020 | |a 1-55860-872-9 | ||
| 035 | |l 10093633 | ||
| 040 | |a GR-MY-UA |b gre |e aacr | ||
| 041 | 0 | |a eng | |
| 082 | 0 | |a 519.6 |2 (22) | |
| 100 | 1 | |a Hoos, Holger H. | |
| 245 | 1 | 0 | |a Stochastic local search : |b foundations and applications / |c Holger H. Hoos, Thomas Stotzle |
| 260 | |a San Francisco, CA : |b Morgan Kaufmann Publishers, |c c2005 | ||
| 300 | |a xiii, 658 σ.; |b εικ.; |c 24 εκ. | ||
| 504 | |a Περιέχει βιβλιογραφικές παραπομπές (σ. 575-631) και ευρετήριο | ||
| 650 | 0 | 0 | |a Stochastic programming. |
| 650 | 0 | 0 | |a Algorithms. |
| 650 | 0 | 0 | |a Combinatorial analysis. |
| 700 | 1 | |a Stotzle, Thomas. | |
| 852 | |a INST |b SAMOS |e 20080114 |h 519.6 HOO |p 005300027191 |q 005300027191 |t BK |y 0 | ||
| 901 | |a BIBL3-2008-1 | ||
| 909 | |a Σ |b 143606 | ||
| 922 | |a 3ΕΛΗ |b 200712 |c ΕΠΕΑΕΚ2/ΤΜΠΕΣ |d ΕΛΕΥΘΕΡΟΥΔΑΚΗΣ | ||
| 970 | |a ΡΟΥΣΣΟΥ |b ΚΩΝΣΤΑΝΤΙΝΑ |z 2008/01/14 | ||